| 000 | 00908nam a2200265Ia 4500 | ||
|---|---|---|---|
| 003 | CO-ViMGA | ||
| 005 | 20230915233129.0 | ||
| 008 | 141031s9999 xx 000 0 und d | ||
| 020 | _a9789588639062 | ||
| 040 |
_aCO-ViMGA _bspa _cCO-ViMGA |
||
| 090 | _aC BUIJ | ||
| 100 | 1 | 0 |
_aBuitrago, Jairo _924276 |
| 245 | 1 | 0 |
_aJimmy, el más grande _cJairo Buitrago ; ilustrado por Rafael Yockteng |
| 250 | _a1a ed. | ||
| 260 |
_aBogotá _bLumen _c2010 |
||
| 300 |
_a42 pg̀inas _bilustraciones _c23 cm. |
||
| 490 | _aLeer es mi cuento | ||
| 650 | 1 | 4 |
_a Autores colombianos _2LEMB _xSiglo XX _924277 |
| 650 | 1 | 4 |
_a Cuentos infantiles colombianos _2LEMB _xSiglo XX _924278 |
| 650 | 1 | 4 |
_a Literatura infantil colombiana _2LEMB _ySiglo XX _9389 |
| 650 | 1 | 4 |
_aBoxeadores en la literatura _2LEMB _924207 |
| 650 | 1 | 4 |
_aPueblos en la literatura _2LEMB _924279 |
| 700 | 1 | 0 |
_aYockteng, Rafael, 1976- _916150 |
| 942 |
_2ddc _cBK |
||
| 999 |
_c3097 _d3097 |
||